Historia de una historia : (Registro nro. 5239)
[ vista simple ]
| 000 -CABECERA | |
|---|---|
| campo de control de longitud fija | 00687nam a2200205 a 4500 |
| 001 - NÚMERO DE CONTROL | |
| campo de control | 000005439 |
| 005 - FECHA Y HORA DE LA ÚLTIMA TRANSACCIÓN | |
| campo de control | 20200929151659.0 |
| 008 - DATOS DE LONGITUD FIJA--INFORMACIÓN GENERAL | |
| campo de control de longitud fija | 090819s1984 es 001 spa d |
| 020 ## - NÚMERO INTERNACIONAL ESTÁNDAR DEL LIBRO | |
| Número Internacional Estándar del Libro | 8400057080 |
| 040 ## - FUENTE DE LA CATALOGACIÓN | |
| Centro catalogador/agencia de origen | DO-SdBNP |
| 082 ## - NÚMERO DE LA CLASIFICACIÓN DECIMAL DEWEY | |
| Número de clasificación | xxx |
| Número de documento/Ítem | S231h |
| 049 ## - FONDOS LOCALES (OCLC) | |
| Fondos de biblioteca | BNPD |
| 100 1# - ENTRADA PRINCIPAL--NOMBRE DE PERSONA | |
| Nombre de persona | Santa María, Carmelo Saenz de |
| 9 (RLIN) | 15453 |
| 245 10 - MENCIÓN DE TÍTULO | |
| Título | Historia de una historia : |
| Resto del título | la crónica de Bernal Díaz del Castillo / |
| Mención de responsabilidad, etc. | Carmelo Saenz de Santa María. |
| 260 ## - PUBLICACIÓN, DISTRIBUCIÓN, ETC. | |
| Lugar de publicación, distribución, etc. | Madrid, : |
| Nombre del editor, distribuidor, etc. | Consejo Superior de Investigaciones Científicas, |
| Fecha de publicación, distribución, etc. | 1984. |
| 300 ## - DESCRIPCIÓN FÍSICA | |
| Extensión | 246 p. ; |
| Dimensiones | 25 cm. |
| 440 #0 - MENCIÓN DE SERIE/PUNTO DE ACCESO ADICIONAL--TÍTULO | |
| Título | Tierra nueva e cielo nuevo |
| Designación de volumen o secuencia | 14 |
| 9 (RLIN) | 15388 |
| 500 ## - NOTA GENERAL | |
| Nota general | Incluye tabla de contenido |
| 500 ## - NOTA GENERAL | |
| Nota general | Incluye índice analítico |
| Estado de retiro | Estado de pérdida | Restricciones de uso | No para préstamo | Código de colección | Localización permanente | Ubicación/localización actual | Ubicación en estantería | Fecha de adquisición | Número de inventario | Total de préstamos | Signatura topográfica completa | Código de barras | Fecha visto por última vez | Precio válido a partir de | Tipo de ítem Koha |
|---|---|---|---|---|---|---|---|---|---|---|---|---|---|---|---|
| Monografías: Libros y Folletos | General | General | En catalogación | 19.08.2009 | LF1 | xxx S231h | 5439-10 | 25.06.2020 | 25.06.2020 | Préstamo en sala |
